| 000 | 00518 a2200181 4500 | ||
|---|---|---|---|
| 003 | OSt | ||
| 005 | 20231206100607.0 | ||
| 008 | 231206b |||||||| |||| 00| 0 eng d | ||
| 020 | _a9789355492043 | ||
| 040 | _coclc | ||
| 082 |
_a894.8124 _bMAN/L |
||
| 100 |
_aMangattu, Ajay P _96719 |
||
| 245 |
_aLokam Avasanikkunnilla / _cAjay P. Mangatt |
||
| 250 | _a1st ed. | ||
| 260 |
_aKozhikode: _bMathrubhumi Books, _c2022. |
||
| 300 | _a248p. | ||
| 942 |
_2ddc _cBK _h894.8124 _iMAN/L _k894.8124 _mMAN/L |
||
| 999 |
_c43992 _d43992 |
||